Lyrics to Fool For You by ZAYN - Statistics

General Stats
  • This quiz has been taken 131 times
  • The average score is 161 of 185
Answer Stats
Lyrics % Correct
you
100%
a
99%
I
99%
and
97%
And
97%
fool
97%
for
97%
do
96%
I'm
96%
the
96%
The
96%
things
96%
things,
96%
'Cause
91%
'cause
91%
love
89%
me
88%
it
86%
cant
84%
can't
84%
is
84%
know
84%
This
84%
this
84%
When
84%
hate
82%
just
82%
need
82%
You're
78%
you're
78%
movie
77%
scene
77%
what
77%
between
76%
dream
76%
mean
76%
In
74%
resist
74%
way,
73%
caught
72%
tainted
72%
But
69%
it's
69%
like
68%
won't
68%
being
66%
believe
66%
Believe
66%
again,
65%
myself
64%
chance
62%
help
62%
looking
62%
time
62%
defeat
61%
gonna
61%
stop
61%
sometimes
58%
Given
54%
hide
54%
I'd
51%
miss,
39%
if
34%
ooh
31%
darts
16%
No matching quizzes found
Score Distribution
Percent of People with Each Score
Percentile by Number Answered
Your Score History
You have not taken this quiz